LEADER 01047nam0-22002771i-450- 001 990001672510403321 005 20050525150125.0 035 $a000167251 035 $aFED01000167251 035 $a(Aleph)000167251FED01 035 $a000167251 100 $a20030910d1914----km-y0itay50------ba 101 0 $aita 200 1 $aAllegato n. 1 alla Relazione della Sotto-Commissione incaricata dalla Commissione Censuaria Centrale di esaminare le tariffe d'estimo della provincia di Torino$fMinistero delle Finanze 210 $aRoma$cTip. Cooperativa Sociale$d1914 215 $a1167 p.$d30 cm 610 0 $aImposte fondiarie 676 $a336.22 710 02$aItalia.$bMinistero delle finanze$0356818 801 0$aIT$bUNINA$gRICA$2UNIMARC 901 $aBK 912 $a990001672510403321 952 $a60 336.22 A 19$b18271$fFAGBC 959 $aFAGBC 996 $aAllegato n. 1 alla Relazione della Sotto-Commissione incaricata dalla Commissione Censuaria Centrale di esaminare le tariffe d'estimo della provincia di Torino$9370856 997 $aUNINA LEADER 01370nam0-2200421---450- 001 990000965970203316 005 20050329140655.0 010 $a88-7016-232-X 035 $a0096597 035 $aUSA010096597 035 $a(ALEPH)000096597USA01 035 $a0096597 100 $a20020218d1996----||ita|01 ba 101 $aita 102 $aIT 105 $a|||| ||||| 200 1 $a<> rivoluzione dei santi$eil puritanesimo alle origini del radicalismo politico$fMichael Walzer$gintroduzione di Mario Miegge$g[traduzione di Maria Sbaffi Girardet] 210 $aTorino$cClaudiana$dc1996 215 $a374 p.$d24 cm 225 $aStudi storici 312 $aThe revolution of the saints 410 1$12001$aStudi storici 454 1$12001$aThe revolution of the saints$917915 606 0 $aRadicalismo$xOrigini 676 $a335.8 700 1$aWALZER,$bMichael$0128376 702 1$aMEGGE,$bMario 801 0$aIT$bsalbc$gISBD 912 $a990000965970203316 951 $aII.2. 563 (III A COLL. 145/11)$b143392 LM$cIII A COLL. 959 $aBK 969 $aUMA 979 $aPATTY$b90$c20020218$lUSA01$h1500 979 $c20020403$lUSA01$h1739 979 $aPATRY$b90$c20040406$lUSA01$h1707 979 $aCOPAT4$b90$c20050329$lUSA01$h1406 996 $aRevolution of Saints. A Study in the Origins of Radical Politics$917915 997 $aUNISA